Constança Marcondes César, O Grupo de São Paulo, s.l., Impresa Nacional-Casa da Moeda, 2000, 258 p., coll. « Estudos Gerais », série « Universitaria ». (notice n° 1656848)

détails MARC
000 -LEADER
fixed length control field 02291cam a2200169 4500500
005 - DATE AND TIME OF LATEST TRANSACTION
control field 20260208010517.0
041 ## - LANGUAGE CODE
Language code of text/sound track or separate title fre
042 ## - AUTHENTICATION CODE
Authentication code dc
100 10 - MAIN ENTRY--PERSONAL NAME
Personal name Gabaude, Jean-Marc
Relator term author
245 00 - TITLE STATEMENT
Title Constança Marcondes César, O Grupo de São Paulo, s.l., Impresa Nacional-Casa da Moeda, 2000, 258 p., coll. « Estudos Gerais », série « Universitaria ».
260 ## - PUBLICATION, DISTRIBUTION, ETC.
Date of publication, distribution, etc. 2003.<br/>
500 ## - GENERAL NOTE
General note 6
520 ## - SUMMARY, ETC.
Summary, etc. La philosophie intégraliste de Jean Granier L’œuvre de Jean Granier, aussi ignorée que monumentale, prend à bras le corps tous les grands problèmes de la philosophie, de l’ontologie à l’art, de l’anthropologie à la métaphysique, jusqu’à l’ultime question de la destination de l’homme. Cette philosophie, nommée Intégralisme, propose de fonder la philosophie elle-même, en méditant d’un côté la position transcendantale de l’être dans le discours philosophique, et de l’autre le statut du moi dans l’élaboration de ce discours, avec le désir et les valeurs, ouvrant la voie à une compréhension radicale de l’essence de la philosophie comme interprétation égotiste du monde et de son au-delà, le « transréel ».
520 ## - SUMMARY, ETC.
Summary, etc. Jean Granier’s integralist philosophy Jean Granier’s work, which, however monumental as it may be, seems to be so often unacknowledged, tackles head forward all the greatest problems in philosophy, whether it be from ontology to art, and from anthropology to metaphysics as well as the ultimate question of man’s destiny. His philosophy – entitled Integralism – suggest grounding philosophy itself by taking into account, on the one hand, the transcendental position of being taking place within the philosophical discourse, whilst, on the other hand, it considers the status of the « I » while devising that very same discourse, using desires and values to pave the way for a radical understanding of the essence of philosophy, which may then be understood as an « egotistic » interpretation of the world and what lies beyond, i.e. the « transreal ».
786 0# - DATA SOURCE ENTRY
Note Revue philosophique de la France et de l'étranger | 128 | 4 | 2003-12-01 | p. 451c-506c | 0035-3833
856 41 - ELECTRONIC LOCATION AND ACCESS
Uniform Resource Identifier <a href="https://shs.cairn.info/revue-philosophique-2003-4-page-451c?lang=fr&redirect-ssocas=7080">https://shs.cairn.info/revue-philosophique-2003-4-page-451c?lang=fr&redirect-ssocas=7080</a>

Pas d'exemplaire disponible.

PLUDOC

PLUDOC est la plateforme unique et centralisée de gestion des bibliothèques physiques et numériques de Guinée administré par le CEDUST. Elle est la plus grande base de données de ressources documentaires pour les Étudiants, Enseignants chercheurs et Chercheurs de Guinée.

Adresse

627 919 101/664 919 101

25 boulevard du commerce
Kaloum, Conakry, Guinée

Réseaux sociaux

Powered by Netsen Group @ 2025